01429nab a22002297a 4500003000400000005001700004008004100021040000700062100003100069245009500100260007200195300001500267500005100282505053100333505008900864650002100953650001900974650002800993650002101021650002401042773013301066OSt20260116194738.0190605e xxu||||| |||| 00| 0 spa d cPJ aIglesias, Julián Leonel 13aLa seguridad social, rama autónoma del derecho del trabajo /cJulián Leonel Iglesias.  aCiudad Autónoma de Buenos Aires :bThomson Reuters La Ley,c2025. ap. 213-219 aCita Online: Cita: TR LALEY AR/DOC/1551/2025. aSumario: I. Palabras preliminares.— II. Introducción.— III. El modelo tradicional: trabajo formal como puerta de entrada.— IV. Nuevas formas de trabajo, viejas estructuras.— V. Deslaboralizar: un imperativo de inclusión y sostenibilidad.— VI. Objeciones frecuentes y respuestas.— VII. El modelo argentino en búsquedas del desarrollo nacional.— VIII. La seguridad social en Argentina: un modelo centrado en el trabajo formal.— IX. Objeciones y contraargumentos.— X. Conclusiones.— XI. Bibliografía.  t¿Te interesa el texto completo? Solicitalo al correo: koha@justierradelfuego.gov.ar 0aSEGURIDAD SOCIAL 0aOBRAS SOCIALES 0aASIGNACIONES FAMILIARES 0aDERECHOS HUMANOS 0aSISTEMA PREVISIONAL0 02711dCiudad Autónoma de Buenos Aires : Thomson Reuters La Ley, 1999-2002.tRevista de derecho del trabajo. Nº 4 - Julio 2025